[Event "42nd Arco Festival 2020"]
[Site "Arco"]
[Date "2020.10.12"]
[Round "4.7"]
[White "Astengo, Corrado"]
[Black "Nazarenus, Moritz"]
[Result "0-1"]
[WhiteElo "2093"]
[BlackElo "2224"]
[Annotator "TA"]
[PlyCount "76"]
[EventDate "2020.10.10"]
[EventType "swiss"]
[EventCountry "ITA"]
[SourceTitle "playchess.com"]
[Source "ChessBase"]
[SourceQuality "1"]

{[%evp 22,76,0,0,0,0,0,-25,-20,-24,-18,-24,-22,-19,-16,-32,0,-120,-98,-94,-52,-68,-58,-58,-42,-43,-43,-55,-41,-45,-48,-49,-45,-69,-68,-65,-66,-87,-78,-94,-62,-540,-617,-697,-697,-1628,-1563,-5406,-5397,-2051,-1409,-29985,-29986,-6526,-6526,-6507,-6401]} 1. e4 c6 2. d4 d5 3. exd5 cxd5 4. c4 Nf6 5. Nc3 e6 6. Nf3 Be7 7. cxd5 Nxd5 8. Bd3 Nc6 9. O-O O-O 10. a3 Bf6 11. Nxd5 Qxd5 12. Be3 Bd7 {[#] B14: Caro-Kann: Panov-Botvinnik Attack with 5...e6 and 5...g6.} 13. Qc2 $146 ({Predecessor:} 13. Bc2 Rfd8 14. Qd3 g6 15. Rad1 Rac8 16. Qe4 Qxe4 17. Bxe4 Ne7 18. Bg5 Bxg5 19. Nxg5 Bc6 20. Bxc6 Rxc6 {0-1 (34) Otto,K (2001)-Runde,T (2017) Bockenem 1999}) 13... g6 14. Bc4 Qd6 {Black has an edge.} 15. Rfd1 Ne7 16. Ne5 Rac8 {White must now prevent ...b5.} 17. Qb3 Bc6 18. Nxc6 Nxc6 19. Qa2 (19. Qxb7 $11 Nxd4 20. b3) 19... Nxd4 20. Rd2 e5 21. Bh6 Bg7 22. Be3 Qc7 23. Bxd4 exd4 24. Bd3 Qd6 25. Re1 Rfe8 $36 {[%mdl 2048] Black has the initiative.} 26. Rdd1 Be5 27. h3 Re7 28. Re2 Rec7 29. Ree1 Kg7 30. Qb1 Qf6 31. Rc1 $2 {[%mdl 8192] [#] White does not recover from this.} ({White should try} 31. g3 $15) 31... Bh2+ $1 $19 {[%mdl 512]} 32. Kh1 (32. Kxh2 Rxc1) 32... Qxf2 33. Rxc7 Bxc7 34. Re2 Qg3 {[%csl Gc7][%cal Rg3h2]} 35. Kg1 Bf4 36. Re1 Qh2+ 37. Kf1 Bg3 {( -> ...Qh1+)} 38. Re4 {[#]} Rc1+ $1 {[%mdl 512] Av CentiPawn Loss W=887/B=-34. Weighted=265/-10} 0-1

[Event "42nd Arco Festival 2020"]
[Site "Arco"]
[Date "2020.10.13"]
[Round "4.7"]
[White "Briata, Federico"]
[Black "De Santis, Alessio"]
[Result "1/2-1/2"]
[WhiteElo "2090"]
[BlackElo "2223"]
[Annotator "ChessBase"]
[PlyCount "42"]
[EventDate "2020.10.10"]
[EventType "swiss"]
[EventCountry "ITA"]
[SourceTitle "playchess.com"]
[Source "ChessBase"]
[SourceQuality "1"]
[TimeControl "40/5400+30:1800+30"]

1. e4 c5 2. Nf3 e6 3. d4 cxd4 4. Nxd4 a6 5. Bd3 Nf6 6. O-O Qc7 7. Qe2 d6 8. c4 Nbd7 9. b3 Be7 10. Bb2 b6 11. Nc3 Bb7 12. Rad1 O-O 13. Bb1 Rfe8 14. Kh1 d5 15. cxd5 exd5 16. Nxd5 Bxd5 17. exd5 Ba3 18. Qd2 Bxb2 19. Qxb2 Nxd5 20. Nf5 N5f6 21. Qd2 Nf8 1/2-1/2

[Event "42nd Arco Festival 2020"]
[Site "Arco"]
[Date "2020.10.13"]
[Round "4.8"]
[White "Ruecker, Benjamin"]
[Black "Lezzerini, Marco"]
[Result "1/2-1/2"]
[WhiteElo "2202"]
[BlackElo "2122"]
[Annotator "ChessBase"]
[PlyCount "197"]
[EventDate "2020.10.10"]
[EventType "swiss"]
[EventCountry "ITA"]
[SourceTitle "playchess.com"]
[Source "ChessBase"]
[SourceQuality "1"]
[TimeControl "40/5400+30:1800+30"]

1. c4 c5 2. g3 Nc6 3. Bg2 g6 4. Nc3 Bg7 5. Nf3 d6 6. O-O e6 7. e3 Nge7 8. d4 O-O 9. Re1 b6 10. b3 Bb7 11. Ba3 Rb8 12. Qd2 Re8 13. Rad1 cxd4 14. Nb5 dxe3 15. Qxe3 Nf5 16. Qc1 d5 17. cxd5 exd5 18. Rxe8+ Qxe8 19. Nc7 Qd7 20. Nxd5 Ncd4 21. Nxd4 Nxd4 22. Qc4 Bxd5 23. Bxd5 Rd8 24. Re1 b5 25. Qc5 Bf8 26. Qxd4 Bxa3 27. Rd1 Bd6 28. Qf6 Rf8 29. Bxf7+ Qxf7 30. Qxf7+ Rxf7 31. Rxd6 Kg7 32. Ra6 h5 33. h4 Rc7 34. Kg2 Rf7 35. f4 Rc7 36. Ra5 Kf6 37. Kh3 Rb7 38. b4 Ke6 39. Ra6+ Kf5 40. Rc6 Rb8 41. Kg2 Rd8 42. Rc5+ Kf6 43. a3 Rd2+ 44. Kh3 Rd3 45. Rc6+ Kf5 46. Ra6 Ke4 47. Rxg6 Kf3 48. Rc6 Rxa3 49. f5 Ra1 50. Rc3+ Kf2 51. Kh2 Ra6 52. Rc5 Rb6 53. f6 Rxf6 54. Rxb5 Rh6 55. Kh3 Kf3 56. Rf5+ Ke4 57. Rf7 a6 58. g4 hxg4+ 59. Kxg4 Rg6+ 60. Kh5 Rb6 61. Rg7 Kf5 62. Rg5+ Kf4 63. Rg6 Rb5+ 64. Kh6 Rxb4 65. Rxa6 Kf5 66. h5 Rh4 67. Ra1 Kf6 68. Rf1+ Ke7 69. Kg6 Rg4+ 70. Kh7 Rg2 71. h6 Rg3 72. Kh8 Rg2 73. Ra1 Kf7 74. Ra7+ Kf8 75. Kh7 Rg1 76. Kh8 Rg8+ 77. Kh7 Rg1 78. Ra8+ Kf7 79. Kh8 Rg2 80. Ra7+ Kf8 81. Rg7 Rh2 82. Kh7 Rf2 83. Kg6 Rg2+ 84. Kh7 Rf2 85. Ra7 Rg2 86. Ra6 Kf7 87. Ra4 Rf2 88. Ra1 Rf3 89. Kh8 Rf2 90. Kh7 Rf3 91. Ra7+ Kf8 92. Kg6 Rg3+ 93. Kf6 Rf3+ 94. Kg5 Kg8 95. Ra8+ Kh7 96. Ra7+ Kh8 97. Kg6 Rg3+ 98. Kf7 Kh7 99. Kf6+ 1/2-1/2

[Event "42nd Arco Festival 2020"]
[Site "Arco"]
[Date "2020.10.13"]
[Round "4.9"]
[White "Lochte, Thomas"]
[Black "Vezzosi, Paolo"]
[Result "1/2-1/2"]
[WhiteElo "2045"]
[BlackElo "2262"]
[Annotator "ChessBase"]
[PlyCount "85"]
[EventDate "2020.10.10"]
[EventType "swiss"]
[EventCountry "ITA"]
[SourceTitle "playchess.com"]
[Source "ChessBase"]
[SourceQuality "1"]
[TimeControl "40/5400+30:1800+30"]

1. d4 d5 2. c4 e6 3. Nc3 Nf6 4. Nf3 c6 5. cxd5 exd5 6. Bf4 Bf5 7. e3 Qb6 8. Qb3 Nh5 9. Bxb8 Rxb8 10. Be2 Nf6 11. Qxb6 axb6 12. Ne5 b5 13. g4 Be6 14. g5 Ne4 15. Nxe4 dxe4 16. Bg4 Bxg4 17. Nxg4 Be7 18. h4 O-O 19. Rg1 Rfd8 20. Nf6+ Bxf6 21. gxf6 g6 22. Rg4 Rd6 23. Rxe4 Rxf6 24. a4 bxa4 25. Rxa4 Rf5 26. Rb4 Kf8 27. Re5 Rxe5 28. dxe5 Ke7 29. Ke2 b5 30. Rf4 Ra8 31. Kd3 Ra1 32. Kd4 Rc1 33. Kd3 c5 34. b3 Rd1+ 35. Ke4 h5 36. Rf6 Rh1 37. Rc6 Rxh4+ 38. f4 c4 39. bxc4 bxc4 40. Rxc4 Rh1 41. Rc7+ Ke6 42. Rc6+ Ke7 43. Rc7+ 1/2-1/2

[Event "42nd Arco Festival 2020"]
[Site "Arco"]
[Date "2020.10.13"]
[Round "4.10"]
[White "Hartz, Erik"]
[Black "Trabattoni, Franco"]
[Result "1/2-1/2"]
[WhiteElo "2014"]
[BlackElo "2246"]
[Annotator "ChessBase"]
[PlyCount "72"]
[EventDate "2020.10.10"]
[EventType "swiss"]
[EventCountry "ITA"]
[SourceTitle "playchess.com"]
[Source "ChessBase"]
[SourceQuality "1"]
[TimeControl "40/5400+30:1800+30"]

1. Nf3 Nf6 2. b3 g6 3. g3 Bg7 4. Bb2 O-O 5. Bg2 d5 6. O-O c5 7. d4 cxd4 8. Nxd4 Nc6 9. Nxc6 bxc6 10. Nd2 a5 11. c4 Ba6 12. Rc1 e6 13. Re1 Qb6 14. c5 Qb7 15. Be5 Rfd8 16. e3 Nd7 17. Bxg7 Kxg7 18. e4 Qc7 19. exd5 exd5 20. Nf3 Re8 21. Qd4+ f6 22. Ng5 Nf8 23. Bh3 h6 24. Ne6+ Nxe6 25. Bxe6 Re7 26. Re3 Rae8 27. Rce1 Bc8 28. Bxc8 Rxe3 29. Rxe3 Qxc8 30. b4 Rxe3 31. fxe3 axb4 32. Qxb4 Qa6 33. a4 Qe2 34. Qb7+ Kf8 35. Qc8+ Kf7 36. Qd7+ Kf8 1/2-1/2

[Event "42nd Arco Festival 2020"]
[Site "Arco"]
[Date "2020.10.13"]
[Round "4.11"]
[White "Felgendreher, Heiko"]
[Black "Bergero, Simone"]
[Result "0-1"]
[WhiteElo "2230"]
[BlackElo "1961"]
[Annotator "ChessBase"]
[PlyCount "66"]
[EventDate "2020.10.10"]
[EventType "swiss"]
[EventCountry "ITA"]
[SourceTitle "playchess.com"]
[Source "ChessBase"]
[SourceQuality "1"]
[TimeControl "40/5400+30:1800+30"]

1. e4 e5 2. Nf3 Nc6 3. d4 exd4 4. Nxd4 Bc5 5. Be3 Qf6 6. c3 Nge7 7. g3 b6 8. Bg2 Bb7 9. O-O O-O-O 10. b4 Bxd4 11. Bxd4 Nxd4 12. cxd4 h5 13. f4 h4 14. g4 h3 15. Bh1 Rh4 16. Nc3 Qg6 17. Bf3 f5 18. Qe1 Rdh8 19. Qg3 fxe4 20. Be2 Nd5 21. Nb5 a6 22. f5 Qf6 23. g5 Qf8 24. Nc3 Qxb4 25. Nxd5 Bxd5 26. Qe5 Bb7 27. Rac1 d6 28. Qxg7 c5 29. dxc5 dxc5 30. Rcd1 e3 31. Qd7+ Kb8 32. Bf3 Qg4+ 33. Kh1 Bxf3+ 0-1

[Event "42nd Arco Festival 2020"]
[Site "Arco"]
[Date "2020.10.13"]
[Round "4.12"]
[White "Perez Bolanos, Joel"]
[Black "Heinert, Eugen"]
[Result "0-1"]
[WhiteElo "2011"]
[BlackElo "2204"]
[Annotator "ChessBase"]
[PlyCount "92"]
[EventDate "2020.10.10"]
[EventType "swiss"]
[EventCountry "ITA"]
[SourceTitle "playchess.com"]
[Source "ChessBase"]
[SourceQuality "1"]
[TimeControl "40/5400+30:1800+30"]

1. e4 e6 2. d4 d5 3. Bd3 dxe4 4. Bxe4 Nf6 5. Bf3 c5 6. Ne2 e5 7. dxe5 Qxd1+ 8. Kxd1 Ng4 9. Bxg4 Bxg4 10. f3 Bf5 11. Nbc3 Nc6 12. Ng3 O-O-O+ 13. Bd2 Be6 14. Re1 h5 15. f4 h4 16. Nge4 h3 17. g3 Nd4 18. Kc1 b6 19. Ng5 Be7 20. Nxe6 fxe6 21. Ne4 g5 22. c3 Nf3 23. Re2 Nxd2 24. Rxd2 gxf4 25. gxf4 Rhg8 26. Ng3 Rdf8 27. Kc2 Rxf4 28. Re1 Bh4 29. Rg1 Rf3 30. Rf1 Rgxg3 31. hxg3 Rxf1 32. gxh4 Rf4 33. Rh2 Rxh4 34. Kd3 c4+ 35. Ke3 Kd7 36. Kf3 Kc6 37. Kg3 Rh7 38. Kf4 a5 39. a4 Kc5 40. Kg5 Kd5 41. Kf6 Ke4 42. Kxe6 Rh6+ 43. Kd7 Kxe5 44. Kc7 Kf4 45. Rxh3 Rxh3 46. Kxb6 Rh5 0-1

[Event "42nd Arco Festival 2020"]
[Site "Arco"]
[Date "2020.10.13"]
[Round "4.13"]
[White "Schoebel-Kroehn, Lucas"]
[Black "Urh, Zala"]
[Result "1/2-1/2"]
[WhiteElo "1964"]
[BlackElo "2195"]
[Annotator "ChessBase"]
[PlyCount "91"]
[EventDate "2020.10.10"]
[EventType "swiss"]
[EventCountry "ITA"]
[SourceTitle "playchess.com"]
[Source "ChessBase"]
[SourceQuality "1"]
[TimeControl "40/5400+30:1800+30"]

1. e4 e5 2. Nf3 Nc6 3. Bb5 a6 4. Ba4 Nf6 5. d3 b5 6. Bb3 Be7 7. O-O O-O 8. Re1 d6 9. c3 Na5 10. Bc2 c5 11. Nbd2 Nc6 12. Nf1 Be6 13. d4 cxd4 14. cxd4 exd4 15. Nxd4 Nxd4 16. Qxd4 Rc8 17. Bb3 d5 18. exd5 Bc5 19. Qd3 Nxd5 20. Bxd5 Bxd5 21. Be3 Bb4 22. Bd2 Bd6 23. Bc3 Bc4 24. Qd4 f6 25. Ne3 Qc7 26. Nxc4 bxc4 27. h3 Rfd8 28. Qd5+ Kh8 29. Qf5 Bc5 30. Re4 Qd7 31. Qh5 Bf8 32. Rae1 Qb5 33. Qxb5 axb5 34. Ba5 Rd7 35. Re8 Rxe8 36. Rxe8 Kg8 37. Bb4 Rf7 38. Rb8 g6 39. Kf1 Kg7 40. Bxf8+ Rxf8 41. Rxb5 Rc8 42. Rb7+ Kh6 43. a4 c3 44. bxc3 Rxc3 45. a5 Ra3 46. Ra7 1/2-1/2

[Event "42nd Arco Festival 2020"]
[Site "Arco"]
[Date "2020.10.13"]
[Round "4.14"]
[White "Podetti, Davide"]
[Black "Zschiesing, Falk"]
[Result "1-0"]
[WhiteElo "2190"]
[BlackElo "1936"]
[Annotator "ChessBase"]
[PlyCount "63"]
[EventDate "2020.10.10"]
[EventType "swiss"]
[EventCountry "ITA"]
[SourceTitle "playchess.com"]
[Source "ChessBase"]
[SourceQuality "1"]
[TimeControl "40/5400+30:1800+30"]

1. e4 d6 2. d4 Nf6 3. Nc3 e5 4. Nf3 exd4 5. Nxd4 Be7 6. Bc4 O-O 7. O-O Nc6 8. Re1 Ne5 9. Bf1 Re8 10. f4 Ng6 11. g3 Bf8 12. Bg2 a6 13. a4 a5 14. b3 c6 15. h3 Qc7 16. Bb2 Bd7 17. Qd2 Rad8 18. Qf2 Qc8 19. Kh2 Qc7 20. Rad1 Qb8 21. Nf3 b5 22. axb5 cxb5 23. Nd4 b4 24. Nd5 Nxd5 25. exd5 Be7 26. Nc6 Bxc6 27. dxc6 Qc7 28. Bd4 Rb8 29. f5 Ne5 30. Bxe5 dxe5 31. Rd7 Qc8 32. Rxe5 1-0

[Event "42nd Arco Festival 2020"]
[Site "Arco"]
[Date "2020.10.13"]
[Round "4.15"]
[White "Perman, Sergey"]
[Black "Monducci, Mirko"]
[Result "1-0"]
[WhiteElo "2154"]
[BlackElo "1885"]
[Annotator "ChessBase"]
[PlyCount "109"]
[EventDate "2020.10.10"]
[EventType "swiss"]
[EventCountry "ITA"]
[SourceTitle "playchess.com"]
[Source "ChessBase"]
[SourceQuality "1"]
[TimeControl "40/5400+30:1800+30"]

1. e4 c6 2. d4 d5 3. Nd2 dxe4 4. Nxe4 Bf5 5. Ng3 Bg6 6. h4 h6 7. Nf3 Nd7 8. h5 Bh7 9. Bd3 Bxd3 10. Qxd3 e6 11. Bf4 Qa5+ 12. Bd2 Bb4 13. Ne4 Bxd2+ 14. Nfxd2 Qb4 15. a3 Qe7 16. Qg3 Ngf6 17. Qxg7 O-O-O 18. Qxf7 Rde8 19. Qxe7 Rxe7 20. O-O-O Nxe4 21. Nxe4 Kc7 22. Rde1 Rf8 23. f3 Rg7 24. Re2 b6 25. Nd2 Rf6 26. g4 Nf8 27. Re3 Rd7 28. c3 Nh7 29. Ne4 Rf8 30. Rhe1 Rdf7 31. Rf1 Rf4 32. Rf2 Nf6 33. Nxf6 R8xf6 34. Kd2 Rxg4 35. Rxe6 Rxd4+ 36. cxd4 Rxe6 37. Rg2 Rf6 38. Rg7+ Kd8 39. Rg6 Rxf3 40. Rxc6 Rh3 41. Rxh6 Kd7 42. Rh8 Ke7 43. h6 Kf7 44. h7 Kg6 45. Rg8+ Kxh7 46. Rg4 Kh8 47. Rg5 Kh7 48. d5 Kh6 49. Rg4 Kh5 50. Rg7 Rb3 51. Kc2 Rb5 52. Rd7 Kg5 53. b4 Kf5 54. Kc3 Ke5 55. Kc4 1-0

[Event "42nd Arco Festival 2020"]
[Site "Arco"]
[Date "2020.10.13"]
[Round "4.17"]
[White "Kostov, Kiril"]
[Black "Cardili, Mariano"]
[Result "1/2-1/2"]
[WhiteElo "1894"]
[BlackElo "2087"]
[Annotator "ChessBase"]
[PlyCount "46"]
[EventDate "2020.10.10"]
[EventType "swiss"]
[EventCountry "ITA"]
[SourceTitle "playchess.com"]
[Source "ChessBase"]
[SourceQuality "1"]
[TimeControl "40/5400+30:1800+30"]

1. e4 c6 2. d4 d5 3. Nc3 dxe4 4. Nxe4 Bf5 5. Ng3 Bg6 6. h4 h6 7. h5 Bh7 8. Nf3 Nd7 9. Bd3 Bxd3 10. Qxd3 e6 11. Bd2 Ngf6 12. O-O-O Be7 13. Kb1 O-O 14. Ne4 Nxe4 15. Qxe4 Nf6 16. Qe2 Qd5 17. Be3 b5 18. Ne5 Bd6 19. Bc1 Qe4 20. Qxe4 Nxe4 21. Nd3 Rfd8 22. g4 Be7 23. c3 Rac8 1/2-1/2

[Event "42nd Arco Festival 2020"]
[Site "Arco"]
[Date "2020.10.13"]
[Round "4.18"]
[White "Decker, Nils"]
[Black "Wild, Helmut"]
[Result "1-0"]
[WhiteElo "2080"]
[BlackElo "1883"]
[Annotator "TA"]
[PlyCount "38"]
[EventDate "2020.10.10"]
[EventType "swiss"]
[EventCountry "ITA"]
[SourceTitle "playchess.com"]
[Source "ChessBase"]
[SourceQuality "1"]

{[%evp 11,38,0,16,0,14,4,21,-1,0,-2,161,166,160,146,164,168,226,126,220,229,197,192,327,335,420,408,508,507,756]} 1. e4 c6 2. d4 d5 3. e5 Bf5 4. h4 h5 5. c4 e6 6. Nc3 Ne7 7. Nf3 {B12: Caro-Kann: Advance Variation.} Nd7 8. cxd5 cxd5 9. Bd3 {The position is equal.} a6 10. Bg5 {[#] aiming for Bxe7.} Qa5 $146 {[#]} (10... Bg4 $1 $11 {and Black stays safe.}) ({Predecessor:} 10... Bxd3 11. Qxd3 Qb6 12. Qd2 Nf5 13. O-O Be7 14. Bxe7 Kxe7 15. Rfc1 Rac8 16. Rc2 Nb8 17. Qd3 Nc6 18. Qxf5 Nxd4 19. Qg5+ {1-0 (19) Lewandowski,M (1932)-Kuru,M Nachod 2006}) 11. Bxe7 $1 $40 {[%mdl 128] White goes for the king.} Bxe7 12. Bxf5 exf5 13. a3 Rc8 (13... Nf8 $142 14. b4 Qd8) 14. g3 (14. O-O $18) 14... Rxc3 (14... Rd8 $16 15. b4 Qb6 16. Nxd5 Qc6) 15. bxc3 Qxc3+ 16. Ke2 Bxa3 (16... O-O $142 17. Qd3 Qxd3+ 18. Kxd3 f6) 17. Qd3 Qxd3+ 18. Kxd3 Bb4 19. Rhb1 a5 {White took control after the opening. Av CentiPawn Loss W=-12/B=-68. Weighted=-19/-72} 1-0

[Event "42nd Arco Festival 2020"]
[Site "Arco"]
[Date "2020.10.14"]
[Round "5.3"]
[White "Calavalle, Giulio"]
[Black "Voltolini, Giuseppe"]
[Result "0-1"]
[WhiteElo "2229"]
[BlackElo "2120"]
[Annotator "RC"]
[PlyCount "92"]
[EventDate "2020.10.10"]
[EventType "swiss"]
[EventCountry "ITA"]
[SourceTitle "playchess.com"]
[Source "ChessBase"]
[SourceQuality "1"]
[TimeControl "40/5400+30:1800+30"]

1. e4 Nf6 2. Nc3 d5 3. e5 Nfd7 4. e6 fxe6 5. d4 Nf6 6. Nf3 g6 7. h4 Bg7 8. Ne5 c5 9. h5 Qa5 10. Bd2 cxd4 11. Bb5+ Kf8 12. Ne2 Qxb5 13. h6 Nc6 14. hxg7+ Kxg7 15. Nxd4 Qxb2 16. Bh6+ Kg8 17. Ndxc6 bxc6 18. f4 Qc3+ 19. Kf1 Ne4 20. Rh3 Qc5 21. Qe2 Ba6 22. Nd3 Rb8 23. Nxc5 Bxe2+ 24. Kxe2 Nxc5 25. f5 exf5 26. Bf4 Kf7 27. Bxb8 Rxb8 28. Rxh7+ Kf6 29. Rh3 d4 30. Ra3 Rb7 31. Ra5 Ne4 32. Ra6 Rc7 33. Kf3 e5 34. Rh1 Nc5 35. Ra5 Ne6 36. Rh8 e4+ 37. Kf2 f4 38. Ra4 c5 39. Ra6 Re7 40. Rc6 Ke5 41. Ra6 Kd5 42. Rg8 d3 43. cxd3 exd3 44. Rxg6 c4 45. Ra5+ Kd4 46. Ke1 Nf8+ 0-1

[Event "42nd Arco Festival 2020"]
[Site "Arco"]
[Date "2020.10.14"]
[Round "5.4"]
[White "Rozman, Monika"]
[Black "Dittmar, Peter"]
[Result "1/2-1/2"]
[WhiteElo "2129"]
[BlackElo "2222"]
[Annotator "TA"]
[PlyCount "40"]
[EventDate "2020.10.10"]
[EventType "swiss"]
[EventCountry "ITA"]
[SourceTitle "playchess.com"]
[Source "ChessBase"]
[SourceQuality "1"]

{[%evp 13,40,25,72,40,29,29,31,36,34,30,47,41,48,12,0,0,32,2,32,34,32,19,16,17,20,-2,-4,-4,0]} 1. e4 e6 2. d4 d5 3. Nd2 c5 4. exd5 exd5 5. Ngf3 a6 6. Be2 Nc6 7. O-O Bd6 {Recently 7...Nf6 got a lot of attention.} 8. dxc5 {C08: French Tarrasch: 3...c5 4 exd5 exd5 sidelines.} Bxc5 9. Nb3 Ba7 10. Bg5 {White is slightly better.} Nge7 11. Re1 O-O 12. Bd3 h6 13. Bh4 {[#]} Bg4 $146 ({Predecessor:} 13... Be6 14. Ne5 Nxe5 15. Rxe5 Qd6 16. Re1 Qd7 17. Bg3 Nc6 18. Qd2 Rfe8 19. Qf4 Rad8 20. a3 Bb8 21. Qh4 Ba7 22. h3 f5 {½-½ (21) Yudasin,L (2460)-Pytel,K (2400) Leningrad 1984}) 14. c3 Qd6 15. Na5 g5 16. Bg3 Bxf2+ 17. Bxf2 Nxa5 {The position is equal.} 18. Qa4 Nc4 19. Bxc4 dxc4 20. Qxc4 Bxf3 $1 {Av CentiPawn Loss W=-10/B=-4. Weighted=-10/-5} 1/2-1/2

[Event "42nd Arco Festival 2020"]
[Site "Arco"]
[Date "2020.10.14"]
[Round "5.5"]
[White "Lezzerini, Marco"]
[Black "Romanishin, Oleg M"]
[Result "0-1"]
[WhiteElo "2122"]
[BlackElo "2403"]
[Annotator "TA"]
[PlyCount "90"]
[EventDate "2020.10.10"]
[EventType "swiss"]
[EventCountry "ITA"]
[SourceTitle "playchess.com"]
[Source "ChessBase"]
[SourceQuality "1"]

{[%evp 13,90,47,53,24,23,18,0,9,36,33,25,20,35,15,18,22,20,6,30,28,31,0,17,0,10,0,0,-50,-50,-49,-44,-56,-58,-59,-65,-60,-54,-79,-79,-84,-84,-76,-86,-86,-79,-70,-78,-159,-97,-100,-64,-116,-8,-753,-771,-1051,-1130,-2133,-1970,-1849,-1625,-1625,-1160,-219,-203,-29976,-29977,-29977,-29978,-29978,-29979,-29979,-29979,-29979,-29980,-29986,-29987,-29987,-29988]} 1. d4 Nf6 2. c4 e6 3. Nc3 Bb4 4. Qc2 c5 5. dxc5 Bxc5 6. Nf3 Nc6 7. Bg5 Qa5 8. Bxf6 {E38: Nimzo-Indian: Classical: 4...c5.} gxf6 9. Nd2 Bb4 10. Rc1 {The position is equal.} Bxc3 11. Qxc3 Qxc3 12. Rxc3 {[#]} f5 $146 ({Predecessor:} 12... b6 13. e4 Ke7 14. Ke2 Ba6 15. Ke3 Rhg8 16. a3 Rac8 17. f4 Nb8 18. g3 d6 {1-0 (40) Karpov,A (2617)-Romanishin,O (2451) Platja d'Aro 2019}) 13. e4 fxe4 14. Nxe4 Ke7 15. Be2 b6 16. O-O Nd4 17. Bd1 Bb7 18. Re1 Nf5 19. Bc2 Rac8 20. Ng3 (20. Nd2 {is interesting.} Nd6 21. Bd3 h5 22. Rec1 h4 23. c5) 20... Nxg3 $1 21. hxg3 d5 22. cxd5 Rxc3 23. bxc3 Bxd5 $15 {[%mdl 4096] Endgame KRB-KRB} 24. Bb3 {Hoping for Bxd5.} Rd8 (24... Bb7 {keeps more tension.} 25. f3 Rc8 26. c4 Rd8 27. Re2 h5) 25. f3 Bxb3 26. axb3 $17 {KR-KR} Rd3 27. Rc1 a5 28. g4 Kd6 29. Kh2 Kc6 30. Rc2 {[#]} (30. Kh3 $142) 30... b5 (30... Rd1 $142 $1 {aiming for ...Rb1.} 31. Ra2 Rc1) 31. Kg3 Rd7 32. g5 (32. Kf4 $15) 32... a4 (32... Rd1 $17 {With the idea ...Rb1.} 33. Kf4 Rb1) 33. Kg4 $2 {[%mdl 8192] This move loses the game for White.} (33. Ra2 $11) 33... Ra7 $19 34. bxa4 bxa4 {[%cal Bb5a4,Ba4a3][%mdl 32]} 35. Kh5 a3 36. Ra2 Kb5 37. Kh6 Kc4 38. Kxh7 Kb3 ({Much less strong is} 38... Kxc3 39. g6 $17) 39. Rxa3+ $2 {[#]} (39. Ra1 $19) 39... Rxa3 {KR-KP. Black mates.} 40. Kg7 Ra7 41. g6 fxg6+ 42. Kxg6 Kxc3 43. Kf6 Kd4 44. g4 e5 45. g5 Ra3 {Av CentiPawn Loss W=-61/B=-27. Weighted=-105/-19} 0-1

[Event "42nd Arco Festival 2020"]
[Site "Arco"]
[Date "2020.10.14"]
[Round "5.6"]
[White "Nazarenus, Moritz"]
[Black "Briata, Federico"]
[Result "0-1"]
[WhiteElo "2224"]
[BlackElo "2090"]
[Annotator "TA"]
[PlyCount "56"]
[EventDate "2020.10.10"]
[EventType "swiss"]
[EventCountry "ITA"]
[SourceTitle "playchess.com"]
[Source "ChessBase"]
[SourceQuality "1"]

{[%evp 18,56,18,-6,12,18,35,27,31,12,22,29,53,43,44,0,0,0,0,0,0,-20,-19,-56,-61,-44,-43,-58,0,-54,0,0,0,0,-8,-207,-180,-263,-240,-320,-320]} 1. d4 Nf6 2. c4 g6 3. Nc3 d5 4. cxd5 Nxd5 5. e4 Nxc3 6. bxc3 Bg7 7. Nf3 c5 8. Be3 Qa5 9. Qd2 O-O 10. Rb1 Nd7 {D85: Exchange Grünfeld: Unusual White 7th moves and lines with 7 Nf3.} 11. Bd3 b6 12. O-O Ba6 {White has an edge.} 13. Bxa6 Qxa6 14. Bh6 Rfd8 15. Bxg7 Kxg7 {[#]} 16. h4 $146 ({Predecessor:} 16. d5 Qc4 17. Qc2 e5 18. Nd2 Qa6 19. c4 Re8 20. a4 Qc8 21. a5 Qd8 22. Rb3 {1-0 (50) Rivas Pastor,M (2500)-Wittmann,W (2430) Thessaloniki 1984}) 16... cxd4 17. cxd4 Nf6 18. Rfe1 Rac8 19. Rb3 Rc4 20. Qb2 Rdc8 21. Ra3 Ra4 22. Ree3 Rcc4 (22... Ng4 $15 23. Reb3 Rac4 $1 {[%mdl 512]}) 23. d5 (23. Ne5 $11 Rxd4 {[#]} 24. Qxd4 $1 {[%mdl 512]} Rxa3 25. Rxa3 Qxa3 26. Qc4) 23... Rxa3 ({Better is} 23... Qa5 $15 24. Nd2 Rcb4) 24. Rxa3 $11 Ra4 25. Rxa4 Qxa4 26. e5 $2 (26. Ng5 $11 {and White is okay.}) 26... Nxd5 $19 27. h5 (27. g3 {was necessary.}) 27... Qg4 28. h6+ Kxh6 {Av CentiPawn Loss W=-30/B=-11. Weighted=-32/-15} 0-1

[Event "42nd Arco Festival 2020"]
[Site "Arco"]
[Date "2020.10.14"]
[Round "5.7"]
[White "De Santis, Alessio"]
[Black "Decker, Nils"]
[Result "1/2-1/2"]
[WhiteElo "2223"]
[BlackElo "2080"]
[Annotator "TA"]
[PlyCount "58"]
[EventDate "2020.10.10"]
[EventType "swiss"]
[EventCountry "ITA"]
[SourceTitle "playchess.com"]
[Source "ChessBase"]
[SourceQuality "1"]

{[%evp 9,58,6,41,-9,-4,-10,-10,-8,-6,-34,-18,-68,0,-10,13,11,54,54,54,54,63,62,57,7,9,0,0,0,47,-7,-5,-10,20,0,0,0,0,-2,17,-14,0,-7,26,-10,0,0,0,0,0,0,4]} 1. b3 d5 2. Bb2 Bf5 3. g3 c5 4. Bg2 Nc6 5. Nf3 d4 6. d3 {A01: Nimzowitsch-Larsen Opening.} e5 7. Nbd2 {[#]} Bd6 $146 ({Predecessor:} 7... Qc7 8. O-O Nf6 9. Nh4 Bd7 10. e3 Be7 11. exd4 exd4 12. Re1 O-O 13. h3 Rfe8 {1-0 (39) Moranda,W-Schreiber,K Krakow 1998}) 8. O-O Nge7 9. Nc4 Bc7 10. e4 Bg6 ({Black should play} 10... Bg4 $15) 11. Nh4 $11 b5 12. Nd2 Qb8 13. a4 a6 14. Ba3 Bd6 15. Nf5 O-O 16. Nxd6 Qxd6 17. f4 {[#] Threatens to win with f5.} f6 18. h4 Nb4 19. f5 (19. h5 $14 Bf7 20. Bxb4 cxb4 21. h6) 19... Bf7 20. g4 Qc6 21. Rf2 bxa4 22. Bxb4 cxb4 23. Rxa4 Qc3 24. Nb1 Qc5 25. Nd2 Qc3 26. Nb1 Qc5 {The position is equal.} 27. Nd2 Be8 28. Ra2 Bb5 29. Bf1 a5 {Av CentiPawn Loss W=-14/B=-12. Weighted=-15/-13} 1/2-1/2